| 000 | 00406 a2200133 4500 | ||
|---|---|---|---|
| 001 | 93289 | ||
| 082 | _aPR 2607 | ||
| 090 |
_c44805 _d44806 |
||
| 100 | _aKashif Usman Malik Plt Off Pak No 17175 ; M Shoaib Arif , Azhar Hassan | ||
| 245 | _aDevelopment of Transmitting Phase Shifter for YLC-2 Radar | ||
| 260 |
_aPAF Academy Risalpur _bNUST CAE _cJuly, 2015 |
||
| 300 | _a46p. | ||
| 500 | _aBE Project Report | ||
| 942 |
_aNUST CAE _kPR 2607 |
||
| 999 |
_c328362 _d328362 |
||